パリの行政区 - Statistics

General Stats
  • This quiz has been taken 133 times
  • The average score is 20 of 20
Answers on the Map
Answers color-coded by a green-red scale on the quiz's map according to % correct below.
 
Answer Stats
% Correct
1区
100%
12区
99%
2区
99%
3区
99%
4区
99%
5区
99%
6区
99%
7区
99%
8区
99%
9区
99%
11区
98%
13区
98%
14区
98%
15区
98%
16区
98%
17区
98%
18区
98%
19区
98%
20区
98%
10区
97%
No matching quizzes found
Score Distribution
Percent of People with Each Score
Percentile by Number Answered
Your Score History
You have not taken this quiz